ဗောဓိတစ်ထောင်ဆရာတော်ဘဒ္ဒန္တ နာရဒ၏ နှစ်၆၀-ဘဝခရီး / (Record no. 29030)

000 -LEADER
fixed length control field 01105nam a22002417a 4500
003 - CONTROL NUMBER IDENTIFIER
control field OSt
005 - DATE AND TIME OF LATEST TRANSACTION
control field 20241212092240.0
008 - FIXED-LENGTH DATA ELEMENTS--GENERAL INFORMATION
fixed length control field 230916b ||||| |||| 00| 0 eng d
040 ## - CATALOGING SOURCE
Transcribing agency SSBUL
082 ## - DEWEY DECIMAL CLASSIFICATION NUMBER
Edition number 23
Classification number ၂၉၄.၃၀၉၂
Item number ဝါ
100 0# - MAIN ENTRY--PERSONAL NAME
Personal name ဝါယမိန္ဒ၊ အရှင် ၊
Titles and words associated with a name မုံရွာမြို့ မိဂဒါဝုန်ဆရာတော်၊
9 (RLIN) 30692
245 10 - TITLE STATEMENT
Title ဗောဓိတစ်ထောင်ဆရာတော်ဘဒ္ဒန္တ နာရဒ၏ နှစ်၆၀-ဘဝခရီး /
Remainder of title မိဂဒါဝုန်ဆရာတော် အရှင်ဝါယမိန္ဒ
260 ## - PUBLICATION, DISTRIBUTION, ETC.
Place of publication, distribution, etc. ရန်ကုန် ၊
Name of publisher, distributor, etc. စာပေပေါင်းကူးစာအုပ်တိုက်၊
Date of publication, distribution, etc. ၁၉၉၂။
300 ## - PHYSICAL DESCRIPTION
Extent ဂုဂူ၊၂၈၂ စာမျက်နှာ ၊
Other physical details ဓာတ်ပုံ ၊
Dimensions ၂၂ စင်တီ။
500 ## - GENERAL NOTE
General note S-SAT: Prof. Dr. Sai Aung Tun
650 ## - SUBJECT ADDED ENTRY--TOPICAL TERM
Topical term or geographic name entry element ဗုဒ္ဓဘာသာ
942 ## - ADDED ENTRY ELEMENTS (KOHA)
Koha item type Books (Long term)
Source of classification or shelving scheme
Source of classification or shelving scheme
Source of classification or shelving scheme
Source of classification or shelving scheme
Source of classification or shelving scheme
Source of classification or shelving scheme
Holdings
Withdrawn status Lost status Source of classification or shelving scheme Damaged status Not for loan Collection code Permanent Location Current Location Shelving location Date acquired Total Checkouts Full call number Barcode Date last seen Price effective from Koha item type Accession
          Myanmar Collection Shan State Buddhist University Library Shan State Buddhist University Library Myanmar Shelves 16/09/2023   ၂၉၄.၃၀၉၂ ဝါ ၁၇၄၁၆ MB00017416 16/09/2023 16/09/2023 Books (Long term) ၁၇၄၁၆
          Special Collections Shan State Buddhist University Library Shan State Buddhist University Library Special Collection Shelves 04/10/2024   ၂၉၄.၃၀၉၂ ဝါ ၉၁၇၃ S-SAT MB00009173 04/10/2024 16/09/2023 Book (Short term) ၉၁၇၃ S-SAT

Library - 09407999929
Admin Office - 09407999979
Dean Office - 09250910768
Registrar Office - 09892297154
Email - [email protected]
Shan State Buddhist University, Phaya Phyu Taunggyi, Shan State, Myanmar.